|
|
|
|
| LEADER |
00000ncm a2200000 a 4500 |
| 001 |
vtls001523772 |
| 003 |
SK-MaSNL |
| 005 |
20260301074434.0 |
| 007 |
qu |
| 008 |
171201s2004 xo sgudg s z slo |
| 015 |
|
|
|a SNBH2005/04-00820
|
| 020 |
|
|
|a 8071212385
|q (brož.)
|
| 040 |
|
|
|a SNK
|b slo
|c SNK
|e AACR2
|
| 044 |
|
|
|a e-xo---
|
| 048 |
|
|
|a vu
|
| 072 |
|
7 |
|a 784
|x Vokálna hudba
|2 konspekt
|
| 080 |
|
|
|a 784.4(=162.4)
|2 MDT-MRF
|
| 080 |
|
|
|a (0:82.192)
|2 MDT-MRF
|
| 084 |
|
|
|a 2.2.2
|2 snlmc
|
| 100 |
1 |
|
|a Varečka, Ľudovít
|4 aut
|9 113252
|
| 245 |
1 |
0 |
|a Na Kubaskom kosťeľe
|h hudobnina
|c Ľudovít Varečka
|
| 260 |
|
|
|a Bratislava
|b Národné osvetové centrum
|c 2004
|
| 300 |
|
|
|a 1 spevník (260 s.)
|c 21 cm
|
| 500 |
|
|
|a Obsahuje abecedný zoznam piesní
|
| 506 |
|
|
|a 500 výt.
|
| 650 |
0 |
7 |
|a slovenské ľudové piesne
|2 SNKPH
|9 3454
|
| 650 |
0 |
7 |
|a vokálna hudba
|2 SNKPH
|9 3442
|
| 651 |
|
7 |
|a Kubachy (Slovensko)
|2 SNKPH
|9 397039
|
| 655 |
|
7 |
|a spevníky
|2 SNKPH
|9 70506
|
| 655 |
|
7 |
|a texty a noty
|2 SNKPH
|9 70492
|
| 655 |
|
7 |
|a spev
|2 SNKPH
|9 305020
|
| 919 |
|
|
|a 80-7121-238-5
|
| 999 |
|
|
|c 647136
|d 649066
|
| 952 |
|
|
|a SNK
|b SNK
|y PREZ
|7 0
|p 17A0460322
|o snkHSC 450
|i snk2005/6201
|8 0
|0 0
|1 0
|4 0
|d 2005-04-14
|l 0
|r 2026-02-23 18:11:26
|w 2026-02-23
|
| 952 |
|
|
|a SNK
|b SNK
|y VYP
|7 0
|p 17A0460324
|o snkHSC 450 D1
|i snk2005/6202
|8 0
|0 0
|1 0
|4 0
|d 2005-04-14
|l 0
|r 2026-02-23 18:11:26
|w 2026-02-23
|